| 000 | 00498nam a2200169 a 4500 | ||
|---|---|---|---|
| 005 | 20140412111328.0 | ||
| 008 | 110115s19uu xx 00 eng d | ||
| 020 | _a0-590-72880-6 | ||
| 050 |
_aBB _bCr84 1993 |
||
| 100 | _aAardema, Verna | ||
| 245 |
_aThe Crocodile and the Ostrich : _bA tale from The Akamba of Kenya / _cRetold by Barbara Walker. |
||
| 260 |
_aNY : _bScholastic, _c1993. |
||
| 300 | _a16p. | ||
| 440 | _aBig Multicultural tales | ||
| 650 | _aFolktale... Kenya | ||
| 999 |
_c104798 _d104798 |
||